Southville International School and Colleges
Your cart is empty.
  • Cart
  • Lists
    Public lists Eva Luna New books Lux_list list_1
    Your lists Log in to create your own lists
  • Log in to your account
  • Your cookies
  • Search history
Southville International School and Colleges
  • Advanced search
  • Recent comments
  • Most popular
  • Libraries

Log in to your account

Log in with GOOGLE


If you do not have an external account, but do have a local account, you can still log in:

  1. Home
  2. MARC view: Analog and digital communication /
Normal view MARC view ISBD view

Analog and digital communication / (Record no. 368014)

[ view plain ]
MARC details
000 -LEADER
fixed length control field 00779nam a22002417a 4500
003 - CONTROL NUMBER IDENTIFIER
control field 0
005 - DATE AND TIME OF LATEST TRANSACTION
control field 20250917123902.0
008 - FIXED-LENGTH DATA ELEMENTS--GENERAL INFORMATION
fixed length control field 250917b xxu||||| |||| 00| 0 eng d
020 ## - INTERNATIONAL STANDARD BOOK NUMBER
International Standard Book Number 978-1-83683-102-0
050 ## - LIBRARY OF CONGRESS CALL NUMBER
Classification number TK 5105.5
Item number .A33 2025
100 ## - MAIN ENTRY--PERSONAL NAME
Personal name Adams, Beatrice,
Relator term author.
245 ## - TITLE STATEMENT
Title Analog and digital communication /
Statement of responsibility, etc Beatrice Adams.
250 ## - EDITION STATEMENT
Edition statement First edition.
260 ## - PUBLICATION, DISTRIBUTION, ETC. (IMPRINT)
Place of publication, distribution, etc London, UK :
Name of publisher, distributor, etc Vintage Press Ltd,
Date of publication, distribution, etc 2025.
300 ## - PHYSICAL DESCRIPTION
Extent ix, 272 pages :
Other physical details colored illustrations ;
Dimensions 24 cm.
504 ## - BIBLIOGRAPHY, ETC. NOTE
Bibliography, etc Includes bibliographical references and index.
650 ## - SUBJECT ADDED ENTRY--TOPICAL TERM
Topical term or geographic name as entry element Communication.
650 ## - SUBJECT ADDED ENTRY--TOPICAL TERM
Topical term or geographic name as entry element Telecommunication.
650 ## - SUBJECT ADDED ENTRY--TOPICAL TERM
Topical term or geographic name as entry element Data transmission systems.
650 ## - SUBJECT ADDED ENTRY--TOPICAL TERM
Topical term or geographic name as entry element Modulation (Electronics).
650 ## - SUBJECT ADDED ENTRY--TOPICAL TERM
Topical term or geographic name as entry element Signal processing
General subdivision Digital techniques.
942 ## - ADDED ENTRY ELEMENTS (KOHA)
Source of classification or shelving scheme Library of Congress Classification
Koha item type Books
Holdings
Withdrawn status Lost status Source of classification or shelving scheme Damaged status Home library Current library Shelving location Date acquired Source of acquisition Sub Shelving location Total Checkouts Full call number Barcode Date last seen Price effective from Koha item type
    Library of Congress Classification   College Library College Library Reserve Section 06/04/2025 Library Fund     TK 5105.5 .A33 2025 C25129 09/17/2025 09/17/2025 Books

Analog and digital communication /

APA

Adams B., . (2025). Analog and digital communication. London, UK: Vintage Press Ltd.

Chicago

Adams Beatrice, . 2025. Analog and digital communication. London, UK: Vintage Press Ltd.

Harvard

Adams B., . (2025). Analog and digital communication. London, UK: Vintage Press Ltd.

MLA

Adams Beatrice, . Analog and digital communication. London, UK: Vintage Press Ltd. 2025.

  • Place hold
  • Print
  • Cite
  • Add to your cart (remove)
  • Save record
    BIBTEX Dublin Core MARCXML MARC (non-Unicode/MARC-8) MARC (Unicode/UTF-8) MARC (Unicode/UTF-8, Standard) MODS (XML) RIS
  • More searches
    Search for this title in:
    Other Libraries (WorldCat) Other Databases (Google Scholar) Online Stores (Bookfinder.com) Open Library (openlibrary.org)

Exporting to Dublin Core...

SOUTHVILLE LIBRARY

Southville International School and Colleges Library

1281 Tropical Ave. Cor. Luxembourg St., BF Homes International, Las Pinas City

Tel. No. 8256374 / 252358 Loc. 117/146

Powered by Koha